000 00471nam a2200181Ia 4500
001 1432
005 20260306143728.0
008 260306t2020||||xx |||||||||||||| ||spa||
041 _aESP
082 _a150.0711
_bR84
100 _aRossi, Lucía,
_eAUT
245 0 _aLa carrera de psicología en la UBA :
_bantecedentes, creación y consolidación
260 _c2020
300 _a159 páginas :
_c23 cm.
650 _aGEN
654 _aCPS
942 _cLIB
_dJUS
_fJUS
_2ddc
_n
999 _c1432
_d1432